The office scandal (Record no. 1004281)

MARC details
000 -LEADER
fixed length control field 00443nam a2200181Ia 4500
008 - FIXED-LENGTH DATA ELEMENTS--GENERAL INFORMATION
fixed length control field 151018s9999 xx 000 0 und d
082 ## - DEWEY DECIMAL CLASSIFICATION NUMBER
Item number RBASDV1856
Classification number 823
100 ## - MAIN ENTRY--PERSONAL NAME
Personal name Grant Edwards
245 ## - TITLE STATEMENT
Title The office scandal
250 ## - EDITION STATEMENT
Remainder of edition statement 1
260 ## - PUBLICATION, DISTRIBUTION, ETC. (IMPRINT)
Name of publisher, distributor, etc The london Book co.
Date of publication, distribution, etc 1937
300 ## - PHYSICAL DESCRIPTION
Extent 248
600 ## - SUBJECT ADDED ENTRY--PERSONAL NAME
Personal name Grant Edwards
630 ## - SUBJECT ADDED ENTRY--UNIFORM TITLE
Uniform title The office scandal
700 ## - ADDED ENTRY--PERSONAL NAME
Personal name Grant Edwards
730 ## - ADDED ENTRY--UNIFORM TITLE
Uniform title The office scandal
942 ## - ADDED ENTRY ELEMENTS (KOHA)
Koha item type Book
Holdings
Withdrawn status Lost status Damaged status Not for loan Home library Current library Date acquired Cost, normal purchase price Total Checkouts Full call number Barcode Date last seen Cost, replacement price Price effective from Koha item type
        R.B. Anant Shivaji Desai Vachanalaya and Granthalaya, Kudal R.B. Anant Shivaji Desai Vachanalaya and Granthalaya, Kudal 07/17/1963 8.00   RBASDV1856 RBASDV1856 10/18/2015 8.00 10/18/2015 Book